000 00516nam a22001577a 4500
082 _a621.4
_bQAS
100 _aQasim, Muhammad (365129)
_9132360
245 _aAtmospheric plasma sprayed ceramic coatings for thermal protection and corrosion resistance applications /
264 _aIslamabad :
_bUSPCAS-E, NUST
_cMay, 2025
300 _axv, 84 p.
_e+CD
520 _aTH-630
650 _aMS TEE Thesis
_9116575
650 _aMS Thesis
_918721
700 _aSupervisor: Dr. Mustafa Anwar
_9117537
942 _2ddc
_cTHE
999 _c615570
_d615570